Journal of Haitian studies

Detalles Bibliográficos
Autores Corporativos: Haitian Studies Association, University of California, Santa Barbara. Center for Black Studies
Formato: Electrónico Revista
Lenguaje:inglés
Publicado: Boston, Mass. : Haitian Studies Association, [1995]-
Materias:
Acceso en línea:Full text available from PRISMA Database with HAPI Index: 04/01/2005 to 10/31/2016

MARC

LEADER 00000nas a22000007i 4500
001 ssj0000389088
003 WaSeSS
005 20200512172242.0
006 m d
007 cr n
008 090218c19959999caufr p s | a0eng
010 |a  2013207593 
022 |a 2333-7311  |y 1090-3488 
035 |a (WaSeSS)ssj0000389088 
037 |b JHUP / 2715 N. Charles St, Baltimore, MD 21218 
040 |a OCLCS  |b eng  |c OCLCS  |d OCLCS  |d OCLCE  |d OCLCQ  |d OCLCA  |d OCLCF  |d DLC  |d OCLCA  |d DLC  |d OCLCQ  |d OCLCA  |d VT2  |d UAB  |d U3W  |d AU@  |d WaSeSS 
042 |a pcc  |a nsdp 
043 |a nwht--- 
050 4 |a F1912  |b .J6 
082 0 4 |a 972.94/005  |2 21 
082 0 0 |a 972.94  |2 23 
130 0 |a Journal of Haitian studies (Online) 
222 0 |a Journal of Haitian studies  |b (Online) 
245 1 0 |a Journal of Haitian studies  |h [electronic resource] /  |c Haitian Studies Association. 
246 1 |a JHS 
260 |a Boston, Mass. :  |b Haitian Studies Association,  |c [1995]- 
310 |a Semiannual,  |b spring 2001- 
321 |a Annual,  |b 1997/1998-1999/2000 
321 |a Semiannual,  |b spring 1995-autumn 1996 
362 1 |a Print began with v. 1, no. 1 (spring 1995). 
506 |a License restrictions may limit access. 
515 |a One issue only published in 1995. 
515 |a Some vols. issued combined. 
550 |a Published for the Haitian Studies Association by the Center for Black Studies, University of California, Santa Barbara, 1997- 
588 |a Description based on print version record. 
588 |a Latest issue consulted: Vol. 20, no. 2 (fall 2014) (muse.jhu.edu viewed July 6, 2015). 
651 0 |a Haiti  |v Periodicals. 
651 7 |a Haiti.  |2 fast  |0 (OCoLC)fst01205135 
655 0 |a Electronic journals. 
710 2 |a Haitian Studies Association. 
710 2 |a University of California, Santa Barbara.  |b Center for Black Studies. 
776 0 8 |i Print version:  |t Journal of Haitian studies  |x 1090-3488  |w (DLC) 96660745  |w (OCoLC)35272177 
856 4 0 |z Full text available from PRISMA Database with HAPI Index: 04/01/2005 to 10/31/2016  |u https://search.proquest.com/publication/13844